The librarianship of developing countries :the librarianship of diminished resources
Saved in:
| Main Author: | |
|---|---|
| Format: | Book |
| Language: | English |
| Published: |
Ikofa Press
2005
|
| Tags: |
Add Tag
No Tags, Be the first to tag this record!
|
MARC
| LEADER | 00000nam a22000007a 4500 | ||
|---|---|---|---|
| 008 | 201207b ||||| |||| 00| 0 eng d | ||
| 020 | |a 978-37579-1-6 | ||
| 100 | |a OGUNDIPE, Oladipo Olusegun | ||
| 245 | |a The librarianship of developing countries |b :the librarianship of diminished resources |c Oladipo Olusegun Ogundipe |g . ix, 354p | ||
| 260 | |b Ikofa Press |c 2005 |h Lagos |i 652738 |l Z672.2 .Og9 |m Libraries – Developing countries |m Information services – Developing countries |m Library administration – Developing countries | ||
| 500 | |a It includes references | ||
| 942 | |a lcc |c BK |e Kuteyi M.A. |f 7/12/2020 | ||
| 952 | |0 0 |1 0 |2 lcc |4 0 |7 0 |9 150 |a HOL |b HOL |c QZ |d 2020-12-07 |o Z672.2 .Og9 |p 2020-0099 |r 2020-12-07 00:00:00 |w 2020-12-07 |y BK | ||
| 999 | |c 52 |d 52 | ||